| 000 | 00000cas 2200000za 4500 |
| 001 | 9.851077 |
| 003 | CaOODSP |
| 005 | 20260515133307 |
| 007 | cr ||||||||||| |
| 008 | 180202c20179999qucmr pso||||f0 b0fre|d |
| 022 | |a2561-5114 |
| 040 | |aCaOODSP|bfre |
| 043 | |an-cn--- |
| 086 | 1 |aD16-4F-PDF|zFs151-19F-PDF |
| 222 | 0|aAvis aux navigateurs, sommaire mensuelle des avis (T) et (P) |
| 245 | 00|aAvis aux navigateurs, sommaire mensuelle des avis (T) et (P) |h[ressource électronique]. |
| 246 | 33|aAvis aux navigateurs, réimpression mensuelle des avis temporaires et préliminaires, en vigueur ... |
| 246 | 13|iLes livraisons de 2018- comportent le titre: |aAvis aux navigateurs, sommaire mensuel des avis (T) et (P) |
| 246 | 33|aAvis aux navigateurs, sommaire mensuel des avis temporaires et préliminaires |
| 260 | |a[Montréal] : |bPêches et Océans Canada, Garde côtière canadienne, |c[2017]- |
| 310 | |aMensuel |
| 362 | 1 |aParaît depuis : Édition mensuelle no. 01, 27 janvier 2017. |
| 500 | |aPubl. aussi en anglais sous le titre : Notices to mariners, monthly summary of (T) and (P) notices. |
| 550 | |aPublié par : Programmes Garde côtière canadienne, Région du Centre et de l'Arctique, Aides à la navigation et Voies navigable. |
| 692 | 07|2gccst|aSécurité nautique |
| 710 | 2 |aGarde côtière canadienne. |
| 775 | 08|tNotices to mariners, monthly summary of (T) and (P) notices |w(CaOODSP)9.851076 |